000 00937nas a2200325 4500
001 BR9700420
003 BR-BrBNA
005 20231205095944.0
007 ta
008 230509b bl.|||p| |||| 00| 00por d
040 _aBR-BrBNA
_bpor
_cBiblioteca Nacional de Agricultura
041 _a(Pt)
072 _aF61; P34
100 1 _aPereira, E.G.
100 1 _aSiqueira, J.O.
100 1 _aVale, F.R.
100 1 _aMorena, F.M.S.
245 1 _aInfluencia do nitrogenio mineral no crescimento e colonizacao micorrizica de mudas de arvores
650 _aFedegoso
650 _aCassia
650 _aJacaranda
650 _aNitrogenio
650 _aMicorriza
650 _aMuda
650 _aCrescimento
650 _aReflorestamento
773 0 _tPesquisa Agropecuaria Brasileira (Brazil)
_xISSN 0100-204X
_g(Sep 1996), v. 31(9) p. 653-662
_wBR9700420
909 _a202311
_bLúcia
_c55
_dLúcia Elande
942 _2AGRIS
_n0
_cANA
999 _c153653
_d153653